Tây Nguyên trôi : Những ghi chép về Tây Nguyên

Nội dung sách viết về những ghi chép của tác giả về lễ hội, phong tục, nhà ở, tập quán, đình đáp hội hè của của các dân tộc của người dân các tỉnh Tây Nguyên.

Gespeichert in:
Bibliographische Detailangaben
1. Verfasser: Văn, Công Hùng
Format: Buch
Sprache:Undetermined
Veröffentlicht: Hà Nội Hội Nhà văn 2019
Schlagworte:
Tags: Tag hinzufügen
Keine Tags, Fügen Sie den ersten Tag hinzu!
Thư viện lưu trữ: Trung tâm Học liệu Trường Đại học Cần Thơ
LEADER 00930nam a2200217Ia 4500
001 CTU_236116
008 210402s9999 xx 000 0 und d
082 |a 915.76 
082 |b H513 
100 |a Văn, Công Hùng 
245 0 |a Tây Nguyên trôi : 
245 0 |b Những ghi chép về Tây Nguyên 
245 0 |c Văn Công Hùng 
260 |a Hà Nội 
260 |b Hội Nhà văn 
260 |c 2019 
520 |a Nội dung sách viết về những ghi chép của tác giả về lễ hội, phong tục, nhà ở, tập quán, đình đáp hội hè của của các dân tộc của người dân các tỉnh Tây Nguyên. 
650 |a Cao nguyên Trung phần (Việt Nam),Central highlands (Vietnam) 
650 |x Mô tả và du lịch,Description and travel 
910 |b dqhieu 
980 |a Trung tâm Học liệu Trường Đại học Cần Thơ